Paul Claudel /

Bibliographic Details
Main Author: Knapp, Bettina Liebowitz, 1926-2010
Format: Book
Language:English
Published: New York : Ungar, [1982]
Series:World dramatists.
Subjects:

MARC

Tag First Indicator Second Indicator Subfields
LEADER 00000pam a2200000 a 4500
001 in00000097598
005 20150924085259.0
008 811002s1982 nyuc b 00110 eng
010 |a  81040465  
020 |a 0804424799 :  |c $10.95 
035 |a (OCoLC)07925124 
035 |9 AAK9222AM 
039 0 |a 2  |b 3  |c 3  |d 3  |e 3 
040 |a DLC  |c DLC  |d TXA  |d UtOrBLW 
049 |a TXAM  |c [388891] 
050 0 0 |a PQ2605 L2  |b  Z699 1982 
082 0 |a 842/.912  |2 19 
100 1 |a Knapp, Bettina Liebowitz,  |d 1926-2010. 
245 1 0 |a Paul Claudel /  |c Bettina L. Knapp. 
264 1 |a New York :  |b Ungar,  |c [1982] 
264 4 |c ©1982 
300 |a 287 pages :  |b portraits ;  |c 21 cm. 
336 |a text  |b txt  |2 rdacontent 
337 |a unmediated  |b n  |2 rdamedia 
338 |a volume  |b nc  |2 rdacarrier 
490 1 |a World dramatists 
500 |a Includes index. 
504 |a Bibliography: pages 278-280. 
600 1 0 |a Claudel, Paul,  |d 1868-1955  |x Dramatic works. 
830 0 |a World dramatists. 
999 |a MARS 
999 f f |s db8fb567-8eef-36c3-b794-a254f64007cf  |i 91fb0be6-4c12-305a-bcd8-48ffaf6a8fbb  |t 0 
952 f f |p ric  |a Texas A&M University  |b Rellis Campus  |c Joint Library Facility  |d Remote Storage  |t 0  |e PQ2605 L2 Z699 1982  |h Library of Congress classification  |i unmediated -- volume  |m A14806020364 
998 f f |a PQ2605 L2 Z699 1982  |t 0  |l Remote Storage